[Event "34th Chess Olympiad (women)"]
[Site "Istanbul"]
[Date "2000.10.30"]
[Round "3.21.1"]
[White "Rantanen, Tanja"]
[Black "Arribas, Maritza"]
[WhiteElo "2120"]
[BlackElo "2300"]
[WhiteCountry "FIN"]
[BlackCountry "CUB"]
[Result "0-1"]

1. e4 e6 2. d4 d5 3. Bd3 c5 4. c3 cxd4 5. cxd4 Nc6 6. exd5 exd5 7. Nf3 Bg4 
8. O-O Be7 9. Nc3 Nf6 10. Be3 O-O 11. Be2 Re8 12. h3 Bh5 13. Rc1 Rc8 
14. Re1 Ne4 15. Qb3 Bb4 16. Ne5 Bxc3 17. bxc3 Bxe2 18. Nxc6 bxc6 19. Rxe2 Nd6 
20. Ree1 Qf6 21. Qa3 Nc4 22. Qxa7 Ra8 23. Qd7 Re7 24. Qg4 h6 25. Qe2 Rea7 
26. Ra1 Qf5 27. Rec1 Ra3 28. Qc2 Qc8 29. Re1 Qa6 30. Re2 Qa5 31. Bd2 Nxd2 
32. Qxd2 Qxc3 33. Rc1 Qxd2 34. Rxd2 Rxa2 35. Rdd1 R8a6 36. Rc5 Re2 37. Rd3 Raa2 
38. Rf3 Rec2 39. Rxc2 Rxc2 40. Rd3 Kf8 41. g3 Ke7 42. Kg2 Re2 43. Kf3 Re6 
44. Rd1 Re4 45. Kg2 Kd6 46. Kf1 c5 47. dxc5+ Kxc5 48. Rc1+ Kd6 49. Rc8 Re7 
50. Rd8+ Kc5 51. Rc8+ Kb4 52. Rb8+ Kc3 53. Rc8+ Kd3 54. Rd8 d4 55. Rc8 Kd2 
56. Rd8 d3 57. f3 Ke3 58. f4 d2 
0-1

[Event "34th Chess Olympiad (women)"]
[Site "Istanbul"]
[Date "2000.10.30"]
[Round "3.21.2"]
[White "Ramon, Vivian"]
[Black "Puuska, Heini"]
[WhiteElo "2294"]
[BlackElo "2023"]
[WhiteCountry "CUB"]
[BlackCountry "FIN"]
[Result "0-1"]

1. d4 Nf6 2. c4 e6 3. Nf3 Bb4+ 4. Nbd2 b6 5. a3 Bxd2+ 6. Qxd2 O-O 7. b4 c5 
8. e3 cxd4 9. Nxd4 d5 10. Bb2 Ba6 11. Rc1 Bxc4 12. Bxc4 dxc4 13. Qe2 Qd5 
14. O-O b5 15. Rfd1 Qb7 16. Nf3 Nbd7 17. Rd4 Nd5 18. Rh4 f6 19. Nd4 Rfe8 
20. Qh5 Nf8 21. e4 Nc7 22. Rc3 Rad8 23. Rg3 Re7 24. h3 Red7 25. Qh6 e5 
26. Nf5 Ne8 27. Rhg4 Ng6 28. Rxg6 hxg6 29. Qxg6 Kf8 30. Qh7 Rd1+ 31. Kh2 Qf7 
32. Rf3 R8d3 33. Nh4 Rxf3 34. gxf3 Ke7 35. Nf5+ Kd8 36. Qh4 Kc7 37. Ne3 Rd7 
38. f4 exf4 39. Qxf4+ Kb7 40. Nf5 Rd3 41. e5 Qd7 42. Ne3 c3 43. Qe4+ Kb8 
44. Bc1 fxe5 45. Ng4 Nf6 46. Qxe5+ Qc7 47. Qxc7+ Kxc7 48. Bf4+ Kd8 49. Ne3 Nd5 
50. Bg5+ Ke8 51. Nf5 Kf7 52. Nd6+ Kg6 53. h4 c2 54. Nxb5 Ne3 
0-1

[Event "34th Chess Olympiad (women)"]
[Site "Istanbul"]
[Date "2000.10.30"]
[Round "3.21.3"]
[White "Ristoja, Aulikki"]
[Black "Pina, Sulennis"]
[WhiteElo "2000"]
[BlackElo "2312"]
[WhiteCountry "FIN"]
[BlackCountry "CUB"]
[Result "0-1"]

1. d4 c5 2. d5 e5 3. c4 d6 4. e4 g6 5. Nc3 Bg7 6. Be3 Ne7 7. Qd2 O-O 8. Bh6 Na6 
9. h4 f5 10. Bxg7 Kxg7 11. h5 f4 12. h6+ Kh8 13. O-O-O Nc7 14. Nf3 Bg4 
15. Be2 Bxf3 16. Bxf3 a6 17. Na4 Ng8 18. Nxc5 dxc5 19. d6 Ne6 20. Qd5 Qf6 
21. Qxb7 Nd4 22. Qd5 Rad8 23. Qxc5 Qxd6 24. Qxd6 Rxd6 25. c5 Rc6 26. b4 a5 
27. Rd2 axb4 28. Bd1 Rxc5+ 29. Kb2 Nf6 30. f3 Nd7 31. Bb3 Nb6 32. Rhd1 Nc4+ 
33. Bxc4 Rxc4 34. Kb1 Rfc8 35. Kb2 Kg8 36. Kb1 Kf7 37. Rb2 R8c7 38. Rbd2 g5 
39. Kb2 Kg6 40. Rh1 Rc2+ 41. Rxc2 Rxc2+ 42. Kb1 Rxg2 43. Rc1 g4 
0-1

[Event "34th Chess Olympiad (women)"]
[Site "Istanbul"]
[Date "2000.10.30"]
[Round "3.22.1"]
[White "Sanchez Castillo, Sarai"]
[Black "Calzetta, Monica"]
[WhiteElo "2093"]
[BlackElo "2282"]
[WhiteCountry "VEN"]
[BlackCountry "ESP"]
[Result "1/2-1/2"]

1. e4 c5 2. Nf3 Nc6 3. d4 cd4 4. Nd4 g6 5. Nc3 Bg7 6. Be3 Nf6 7. Bc4 O-O 
8. Bb3 d6 9. h3 Nd4 10. Bd4 b5 11. O-O Bb7 12. Nb5 Ne4 13. Bg7 Kg7 14. Bd5 Qb6 
15. Be4 Be4 16. Qd4+ Qd4 17. Nd4 e5 18. Rfe1 d5 19. f3 ed4 20. fe4 Rac8 
21. ed5 Rc2 
1/2-1/2

[Event "34th Chess Olympiad (women)"]
[Site "Istanbul"]
[Date "2000.10.30"]
[Round "3.22.2"]
[White "Hernandez, Yudania"]
[Black "Blanco, Acevedo Maria Carolina"]
[WhiteElo "2322"]
[BlackElo "2030"]
[WhiteCountry "ESP"]
[BlackCountry "VEN"]
[Result "1-0"]

1. e4 c5 2. Nf3 Nc6 3. d4 cd4 4. Nd4 Nf6 5. Nc3 e5 6. Ndb5 d6 7. Bg5 a6 
8. Na3 b5 9. Nd5 Be7 10. Bf6 Bf6 11. c3 O-O 12. Nc2 Bg5 13. a4 Rb8 14. ab5 ab5 
15. Bd3 Be6 16. Ndb4 Na5 17. Qe2 Nb3 18. Rd1 Qb6 19. O-O Nc5 20. Rfe1 g6 
21. Ra1 Kh8 22. Ne3 f5 23. Ned5 Qb7 24. f3 f4 25. Ra5 Bd7 26. Qf1 Bh4 
27. Rea1 Bd8 28. Ra7 Qc8 29. Na6 Na6 30. R1a6 Bc6 31. Qf2 Bd5 32. ed5 Rf6 
33. Kf1 Qc5 34. Qc5 dc5 35. d6 b4 36. Rd7 Bb6 37. Bc4 h6 38. Ke2 g5 39. Kd3 Rd8 
40. Rd8+ Bd8 41. Ke4 bc3 42. bc3 Rf8 43. Ra7 Bf6 44. Kf5 Bd8+ 45. Ke6 h5 
46. Ra8 Kg7 47. Rd8 Rd8 48. d7 
1-0

[Event "34th Chess Olympiad (women)"]
[Site "Istanbul"]
[Date "2000.10.30"]
[Round "3.22.3"]
[White "Sanchez, Aliris"]
[Black "Timon, Piote Silvia"]
[WhiteElo "2000"]
[BlackElo "2246"]
[WhiteCountry "VEN"]
[BlackCountry "ESP"]
[Result "0-1"]

1. d4 Nf6 2. Nf3 c5 3. c4 cxd4 4. Nxd4 e5 5. Nb5 d5 6. cxd5 Bc5 7. e3 O-O 
8. N5c3 e4 9. a3 a5 10. Nd2 Re8 11. Qc2 Bf5 12. b3 Nbd7 13. Nc4 Rc8 14. Bb2 Ng4 
15. Qd2 Nge5 16. Nb5 Nd3+ 17. Bxd3 exd3 18. O-O Nb6 19. Nc3 Nxd5 20. e4 Bxe4 
21. Nxe4 Rxe4 22. Qxd3 Re8 23. Rad1 Nf4 24. Qxd8 Rcxd8 25. Rxd8 Rxd8 26. g3 Nd3 
27. Bc3 Re8 28. Ne3 b6 29. Rd1 Nxf2 30. Kxf2 Bxe3+ 31. Kf3 Bc5 32. Bd4 Rd8 
33. Ke3 Bxa3 34. Ra1 Rxd4 35. Rxa3 Rb4 36. Kd3 f5 37. Kc3 Re4 38. Ra2 Kf7 
39. Rd2 Ke7 40. Rd3 Ke6 41. Rd8 b5 42.  Ke5 
0-1

[Event "34th Chess Olympiad (women)"]
[Site "Istanbul"]
[Date "2000.10.30"]
[Round "3.23.1"]
[White "Nepeina-Leconte, Maria"]
[Black "Milligan, Helen"]
[WhiteElo "2289"]
[BlackElo "2123"]
[WhiteCountry "FRA"]
[BlackCountry "SCO"]
[Result "1/2-1/2"]

1. e4 c5 2. Nf3 Nc6 3. d4 cxd4 4. Nxd4 Nf6 5. Nc3 e5 6. Nb3 Bb4 7. Bc4 Qe7 
8. Qd3 d6 9. O-O a6 10. Nd5 Nxd5 11. Bxd5 Na5 12. Be3 Nxb3 13. Qxb3 Bc5 
14. Bxc5 dxc5 15. f4 Be6 16. Bxe6 fxe6 17. fxe5 O-O-O 18. Rad1 Rxd1 
19. Rxd1 Rd8 20. Rxd8+ Kxd8 21. Qb6+ Kc8 22. Kf1 Qf7+ 23. Ke1 Kb8 24. Qxc5 Qf4 
25. Qd6+ Ka8 26. Qd8+ Ka7 27. Qd4+ Ka8 28. Ke2 Qxh2 29. Qd8+ Ka7 30. Qd4+ Ka8 
31. Qd8+ Ka7 32. Qg5 h6 33. Qxg7 Qf4 34. Kd3 Qf1+ 35. Kd4 Qf2+ 36. Kd3 Qf1+ 
37. Kc3 Qe1+ 
1/2-1/2

[Event "34th Chess Olympiad (women)"]
[Site "Istanbul"]
[Date "2000.10.30"]
[Round "3.23.2"]
[White "Rutherford, Elaine"]
[Black "Flear, Christine"]
[WhiteElo "2050"]
[BlackElo "2230"]
[WhiteCountry "SCO"]
[BlackCountry "FRA"]
[Result "1/2-1/2"]

1. e4 c5 2. Nc3 Nc6 3. f4 g6 4. Nf3 Bg7 5. Bb5 Nd4 6. O-O e6 7. d3 Ne7 
8. Nd4 cd4 9. Ne2 O-O 10. Ba4 f5 11. Bb3 b5 12. a4 Qb6 13. e5 b4 14. a5 Qc5 
15. Qe1 Nc6 16. Bd2 Rb8 17. Ra4 d6 18. ed6 Qd6 19. Nc1 Re8 20. Rf3 Bf6 
21. Rh3 Qc7 22. Ba2 Na5 23. Bb4 Nc6 24. Bd2 Bd7 25. Bb3 Kg7 
1/2-1/2

[Event "34th Chess Olympiad (women)"]
[Site "Istanbul"]
[Date "2000.10.30"]
[Round "3.23.3"]
[White "Muller, Anne"]
[Black "Wilman, Carey"]
[WhiteElo "2135"]
[BlackElo "2066"]
[WhiteCountry "FRA"]
[BlackCountry "SCO"]
[Result "1-0"]

1. e4 d6 2. d4 Nf6 3. Nc3 g6 4. f4 Bg7 5. a3 a5 6. Nf3 c6 7. Bd3 O-O 8. O-O b5 
9. e5 dxe5 10. fxe5 Nd5 11. Ne4 f6 12. c3 Bg4 13. exf6 exf6 14. Qe1 Re8 
15. Qh4 Bxf3 16. Rxf3 Nd7 17. Bh6 Qe7 18. Bd2 f5 19. Bg5 N7f6 20. Nc5 Qf7 
21. a4 b4 22. Bc4 bxc3 23. bxc3 Ne4 24. Nxe4 Rxe4 25. Qf2 Rb8 26. Re1 Rxe1+ 
27. Qxe1 h6 28. Bf4 Kh7 29. Bxb8 
1-0

[Event "34th Chess Olympiad (women)"]
[Site "Istanbul"]
[Date "2000.10.30"]
[Round "3.24.3"]
[White "Shabanaj, Alda"]
[Black "Bashkite, Viktoria"]
[WhiteElo "2000"]
[BlackElo "2052"]
[WhiteCountry "ALB"]
[BlackCountry "EST"]
[Result "0-1"]

1. d4 Nf6 2. c4 e5 3. dxe5 Ng4 4. Nf3 Bc5 5. e3 Nc6 6. a3 a5 7. Nc3 Ncxe5 
8. h3 Nxf3+ 9. Qxf3 Ne5 10. Qg3 Ng6 11. Ne4 Be7 12. Be2 d6 13. O-O O-O 
14. Bd2 f5 15. Nc3 Bh4 16. Qf3 c6 17. e4 f4 18. Na4 Ne5 19. Qb3 f3 
20. Bxf3 Nxf3+ 21. gxf3 Bxh3 22. Rfd1 Qf6 23. Kh2 Bxf2 24. Rg1 Qh4 
25. Bg5 Bxg1+ 26. Rxg1 Qf2+ 27. Kh1 Rxf3 28. Be3 Bg2+ 
0-1

[Event "34th Chess Olympiad (women)"]
[Site "Istanbul"]
[Date "2000.10.30"]
[Round "3.25.1"]
[White "Geldyeva, Mexnri"]
[Black "Belc, Daniela"]
[WhiteElo "2283"]
[BlackElo "2073"]
[WhiteCountry "TKM"]
[BlackCountry "CAN"]
[Result "1-0"]

1. d4 d5 2. e3 Nf6 3. Bd3 e6 4. Nd2 c5 5. c3 Nc6 6. f4 Bd6 7. Ngf3 cxd4 
8. cxd4 O-O 9. O-O b6 10. Ne5 Nb4 11. Bb1 Ba6 12. Rf3 Rc8 13. a3 Nc6 14. Rh3 g6 
15. b4 Re8 16. Bb2 Bf8 17. Qa4 Bb7 18. Bd3 Re7 19. Rf1 Rec7 20. Qd1 a6 
21. Qf3 Na7 22. g4 Ne4 23. Qd1 f6 24. Nef3 Nb5 25. f5 exf5 26. gxf5 g5 
27. Ne1 Rg7 28. Nxe4 dxe4 29. Bc2 Nc3 30. Qd2 Qc7 31. Bb3+ Bd5 32. Qxc3 Bxb3 
33. Qxb3+ Kh8 34. Rg3 Bd6 35. Rg2 g4 36. Qe6 g3 37. h3 Rf8 38. Qxe4 Re7 
39. Qd3 Ree8 40. Nc2 Re4 41. Re1 Rh4 42. e4 Rxh3 43. e5 fxe5 44. dxe5 Rd8 
45. e6+ 
1-0

[Event "34th Chess Olympiad (women)"]
[Site "Istanbul"]
[Date "2000.10.30"]
[Round "3.25.2"]
[White "Bryskine, Marina"]
[Black "Atbashieva, Guldjahan"]
[WhiteElo "2200"]
[BlackElo "2243"]
[WhiteCountry "CAN"]
[BlackCountry "TKM"]
[Result "1/2-1/2"]

1. e4 d6 2. d4 g6 3. Nf3 Bg7 4. Be2 Nd7 5. O-O c6 6. a4 Ngf6 7. Nc3 Qc7 
8. h3 e5 9. Be3 O-O 10. Qd2 Re8 11. dxe5 dxe5 12. Rfd1 Qa5 13. Bc4 Nf8 
14. Qd6 Be6 15. b4 Qd8 16. Bxe6 Nxe6 17. Qxd8 Rexd8 18. Rxd8+ Nxd8 19. Rd1 Ne6 
20. Kf1 
1/2-1/2

[Event "34th Chess Olympiad (women)"]
[Site "Istanbul"]
[Date "2000.10.30"]
[Round "3.25.3"]
[White "Ovezova, Maisa"]
[Black "Chu, Stefanie"]
[WhiteElo "2174"]
[BlackElo "2020"]
[WhiteCountry "TKM"]
[BlackCountry "CAN"]
[Result "1/2-1/2"]

1. c4 Nf6 2. Nc3 g6 3. g3 Bg7 4. Bg2 O-O 5. e3 d6 6. d4 Nc6 7. Nge2 e5 
8. d5 Ne7 9. O-O Nh5 10. e4 f5 11. exf5 gxf5 12. Bd2 Ng6 13. Bf3 Nf6 
14. Qc1 Qe7 15. Bg5 Qf7 16. Bg2 Nd7 17. Bh6 a5 18. h4 f4 19. Bxg7 Qxg7 
20. h5 Ne7 21. Bf3 Nf6 22. Kh2 Bg4 23. Ng1 Nxh5 24. Bxg4 Qxg4 25. Ne4 Nf5 
26. Kh1 fxg3 27. Qg5+ Qxg5 28. Nxg5 gxf2 29. Rxf2 Nfg3+ 30. Kg2 Rxf2+ 
31. Kxf2 Rf8+ 32. Kg2 Rf4 33. b3 Rg4 34. Ne6 Ne2+ 35. Kh2 Nxg1 36. Rxg1 Rxg1 
37. Kxg1 Nf4 38. Nxc7 Kf7 39. Nb5 Ke7 40. Nc3 Nh5 41. Kg2 Nf6 42. Kg3 Kf7 
43. Nb5 Ne8 44. a3 Kf6 45. Kg4 Kg6 46. b4 axb4 47. axb4 h5+ 48. Kf3 Kf5 
49. Nc3 Nf6 50. c5 dxc5 51. bxc5 e4+ 52. Ke3 h4 53. c6 Nxd5+ 54. Nxd5 bxc6 
55. Nc3 h3 56. Nxe4 h2 57. Nf2 c5 58. Kf3 c4 59. Kg2 c3 60. Nd1 c2 61. Ne3+ Ke4 
62. Nxc2 h1 63. Kxh1 
1/2-1/2

[Event "34th Chess Olympiad (women)"]
[Site "Istanbul"]
[Date "2000.10.30"]
[Round "3.26.1"]
[White "Leite, Catarina"]
[Black "Buervenich, Silvia"]
[WhiteElo "2089"]
[BlackElo "2201"]
[WhiteCountry "POR"]
[BlackCountry "SWE"]
[Result "0-1"]

1. e4 c5 2. c3 d6 3. d4 Nf6 4. Bd3 cxd4 5. cxd4 g6 6. Nf3 Bg4 7. e5 dxe5 
8. dxe5 Nfd7 9. Bc4 e6 10. Bf4 Nc6 11. Nfd2 Bg7 12. O-O O-O 13. Qb3 Na5 
14. Qb4 Nxc4 15. Nxc4 Bf3 16. gxf3 Nb6 17. Nxb6 axb6 18. Rd1 Qh4 19. Rd4 Qh5 
20. Qxb6 Bxe5 21. Bxe5 Qxe5 22. Qd6 Qf6 23. Qf4 Qe7 24. Qd6 Qg5+ 25. Qg3 Qb5 
26. Rd2 Rfc8 27. a3 Rc5 28. Qf4 Rf5 29. Qe4 Rd5 30. Rd1 Rd2 31. Rxd2 Qg5+ 
0-1

[Event "34th Chess Olympiad (women)"]
[Site "Istanbul"]
[Date "2000.10.30"]
[Round "3.26.2"]
[White "Johansson, Victoria"]
[Black "Carvalho, Alda"]
[WhiteElo "2152"]
[BlackElo "2063"]
[WhiteCountry "SWE"]
[BlackCountry "POR"]
[Result "0-1"]

1. d4 d5 2. c4 c6 3. Nc3 Nf6 4. Nf3 dxc4 5. a4 Bf5 6. e3 e6 7. Bxc4 Be7 
8. O-O h6 9. a5 Nbd7 10. Re1 O-O 11. h3 Ne4 12. Nxe4 Bxe4 13. Nd2 Bd5 
14. e4 Bxc4 15. Nxc4 Nf6 16. Re3 c5 17. e5 cxd4 18. Rd3 Nd5 19. Rxd4 Bg5 
20. Nd6 Bxc1 21. Qxc1 b6 22. Rg4 Kh8 23. Ra3 f5 24. Rg6 Qd7 25. a6 Kh7 
26. Rgg3 Ne7 27. Rgd3 Qc6 28. Rac3 Qa4 29. Rg3 Nd5 30. Ra3 Qd4 31. Qc6 Qxe5 
32. Nc4 Qf6 33. Ne3 Nf4 34. Qc2 Rac8 35. Qd2 Rfd8 36. Qe1 Rc1 37. Qxc1 Ne2+ 
38. Kh2 Nxc1 39. Rf3 Qxb2 40. Nc4 Qb5 
0-1

[Event "34th Chess Olympiad (women)"]
[Site "Istanbul"]
[Date "2000.10.30"]
[Round "3.26.3"]
[White "Coimbra, Margarida"]
[Black "Andersson, Christin"]
[WhiteElo "2043"]
[BlackElo "2096"]
[WhiteCountry "POR"]
[BlackCountry "SWE"]
[Result "0-1"]

1. e4 e6 2. d4 d5 3. exd5 exd5 4. Bd3 Bd6 5. c3 Nf6 6. h3 O-O 7. Qf3 Ne4 
8. Ne2 Re8 9. O-O Nd7 10. Be3 Ndf6 11. Nd2 c6 12. Nf4 Ng5 13. Qd1 Nfe4 
14. Nf3 Nxf2 15. Kxf2 Rxe3 16. Kxe3 Qe7+ 17. Kf2 Bxf4 18. Nxg5 Qe3+ 
0-1

[Event "34th Chess Olympiad (women)"]
[Site "Istanbul"]
[Date "2000.10.30"]
[Round "3.27.2"]
[White "Ribeiro, Regina"]
[Black "Lee, Samantha"]
[WhiteElo "2104"]
[BlackElo "2000"]
[WhiteCountry "BRA"]
[BlackCountry "MAS"]
[Result "1-0"]

1. Nf3 Nf6 2. c4 e6 3. g3 d5 4. Bg2 Bd6 5. O-O O-O 6. Nc3 c6 7. d4 Nbd7 
8. b3 Re8 9. Bb2 b6 10. Qc2 Bb7 11. e4 dxe4 12. Ng5 h6 13. Ngxe4 Nxe4 
14. Nxe4 Be7 15. Rad1 Rc8 16. Rfe1 Qc7 17. Qe2 Nf6 18. d5 Nxe4 19. dxe6 fxe6 
20. Qxe4 Bb4 21. Re3 Rcd8 22. Rxd8 Qxd8 23. Rd3 Qc7 24. Qg6 Qf7 25. Be4 Qxg6 
26. Bxg6 Rb8 27. Be5 Rf8 28. Rd7 
1-0

[Event "34th Chess Olympiad (women)"]
[Site "Istanbul"]
[Date "2000.10.30"]
[Round "3.27.3"]
[White "Siti, Zulaikha"]
[Black "Chaves, Joara"]
[WhiteElo "2000"]
[BlackElo "2057"]
[WhiteCountry "MAS"]
[BlackCountry "BRA"]
[Result "1/2-1/2"]

1. e4 e5 2. Nf3 Nc6 3. Bb5 a6 4. Ba4 Nf6 5. O-O Be7 6. Re1 b5 7. Bb3 d6 
8. c3 O-O 9. h3 Na5 10. Bc2 c5 11. d4 Nd7 12. Nbd2 Bf6 13. Nf1 Nc6 14. Be3 Qc7 
15. Rc1 Bb7 16. Ng3 g6 17. d5 Ne7 18. Qd2 Qd8 19. Bg5 Nc8 20. Bxf6 Qxf6 
21. Nh2 Ne7 22. Qe2 Bc8 23. a4 c4 24. Ra1 Bb7 25. Qg4 Nc5 26. Nh5 Qh8 
27. axb5 axb5 28. Rxa8 Rxa8 29. Qg5 Kf8 30. Ng3 Bc8 31. f4 Ra2 32. Rb1 exf4 
33. Qxf4 Qe5 34. Qh6+ Qg7 35. Qf4 Qe5 36. Qh6+ Qg7 
1/2-1/2

[Event "34th Chess Olympiad (women)"]
[Site "Istanbul"]
[Date "2000.10.30"]
[Round "3.28.1"]
[White "Kachiani-Gersinska, Ketino"]
[Black "Minnaar, Michelle"]
[WhiteElo "2448"]
[BlackElo "2062"]
[WhiteCountry "GER"]
[BlackCountry "RSA"]
[Result "1-0"]

1. d4 Nf6 2. c4 d6 3. Nc3 Nbd7 4. e4 e5 5. Nf3 Be7 6. Be2 O-O 7. O-O c6 
8. Be3 a6 9. d5 cd5 10. cd5 Ng4 11. Bd2 b5 12. b4 Nb6 13. a4 ba4 14. Na4 Bd7 
15. Nc3 Qc8 16. Qb3 Qb7 17. Ra5 f5 18. h3 Nf6 19. Ne5 Ne4 20. Ne4 fe4 
21. Nc6 Bf6 22. Bf4 Kh8 23. b5 Qc7 24. Ra6 Ra6 25. ba6 Bc6 26. dc6 Qc6 
27. Rc1 Qd5 28. Qb6 
1-0

[Event "34th Chess Olympiad (women)"]
[Site "Istanbul"]
[Date "2000.10.30"]
[Round "3.28.2"]
[White "Meyer, Marany"]
[Black "Koglin, Anke"]
[WhiteElo "2087"]
[BlackElo "2302"]
[WhiteCountry "RSA"]
[BlackCountry "GER"]
[Result "1/2-1/2"]

1. e4 Nf6 2. e5 Nd5 3. d4 d6 4. c4 Nb6 5. exd6 exd6 6. Nc3 Be7 7. Be2 O-O 
8. Nf3 Bf5 9. O-O Bf6 10. b3 Nc6 11. Bb2 d5 12. c5 Nc8 13. h3 h6 14. Bd3 N8e7 
15. Ne2 g6 16. Ng3 Bxd3 17. Qxd3 Bg7 18. Rfe1 Qd7 19. Bc3 a6 20. b4 Nd8 
21. Ne5 Qc8 22. f4 Ndc6 23. Re2 h5 24. Nf1 Nxe5 25. fxe5 Qf5 26. Qg3 Rae8 
27. Rae1 Qe6 28. Ne3 Nf5 29. Nxf5 Qxf5 30. Rf2 Qd7 31. Bd2 b6 32. Bg5 bxc5 
33. bxc5 f5 34. Qe3 Kh7 35. Rb2 Qa4 36. Reb1 
1/2-1/2

[Event "34th Chess Olympiad (women)"]
[Site "Istanbul"]
[Date "2000.10.30"]
[Round "3.28.3"]
[White "Trabert, Bettina"]
[Black "Van Der Merwe, Cecile"]
[WhiteElo "2259"]
[BlackElo "2000"]
[WhiteCountry "GER"]
[BlackCountry "RSA"]
[Result "1-0"]

1. e4 e6 2. d4 d5 3. Nd2 c5 4. ed5 ed5 5. Ngf3 Nc6 6. Bb5 Nf6 7. O-O Be7 
8. dc5 Bc5 9. Re1+ Be7 10. Qe2 a6 11. Bc6+ bc6 12. Nb3 Ne4 13. Nfd4 Qd6 
14. f3 c5 15. fe4 cd4 16. ed5 Ra7 17. Qe4 Bb7 18. Bf4 Qf6 19. Be5 Qg6 
20. Qg6 hg6 21. Bd4 Ra8 22. d6 Bd5 23. Re7+ Kf8 24. Rae1 Bc6 25. c4 f6 
26. Na5 Be8 27. d7 Bf7 28. Bb6 
1-0

[Event "34th Chess Olympiad (women)"]
[Site "Istanbul"]
[Date "2000.10.30"]
[Round "3.29.1"]
[White "Cast, Abigail"]
[Black "Sekulovska, Vesna"]
[WhiteElo "2114"]
[BlackElo "2120"]
[WhiteCountry "WLS"]
[BlackCountry "FRM"]
[Result "1/2-1/2"]

1. d4 d5 2. c4 e6 3. Nc3 Nf6 4. Bg5 Nbd7 5. cxd5 exd5 6. e3 c6 7. Qc2 Be7 
8. Bd3 Nh5 9. Bxe7 Qxe7 10. Nf3 g6 11. O-O O-O 12. a3 Ng7 13. b4 Nb6 
14. Rfb1 Bf5 15. a4 Nc4 16. Bxf5 Nxf5 17. a5 b5 18. axb6ep axb6 19. Qb3 b5 
20. Ne2 Ra7 21. Qc3 Rfa8 22. h3 f6 23. Nc1 Ra3 24. Rxa3 Rxa3 25. Rb3 Ra4 
26. Nd3 Qa7 27. Rb1 Ra3 28. Qc2 Nfd6 29. Nc5 Ra2 30. Qd3 Ra3 31. Qc2 Ra2 
32. Qd3 Ra3 33. Qxc4 Rxe3 34. fxe3 g5 
1/2-1/2

[Event "34th Chess Olympiad (women)"]
[Site "Istanbul"]
[Date "2000.10.30"]
[Round "3.29.2"]
[White "Kierzek, Mira"]
[Black "Evans-Quek, Deborah"]
[WhiteElo "2028"]
[BlackElo "2150"]
[WhiteCountry "FRM"]
[BlackCountry "WLS"]
[Result "1/2-1/2"]

1. Nf3 c5 2. c4 Nf6 3. g3 Nc6 4. Bg2 e6 5. O-O Be7 6. b3 O-O 7. Bb2 Qc7 
8. d4 cxd4 9. Nxd4 Nxd4 10. Qxd4 d6 11. Nc3 Bd7 12. Rad1 Rfd8 13. e4 Ne8 
14. Qd2 a6 15. Rc1 Rac8 16. Ne2 Qb8 17. Rfd1 b6 18. Nd4 Bf6 19. Ba3 Rc7 
20. Qe3 Rdc8 21. Bf1 b5 22. cxb5 Rxc1 23. Rxc1 Rxc1 24. Bxc1 axb5 25. Qd3 Nc7 
26. Nf3 Be7 27. Bf4 Qb6 28. Be3 Qa5 29. Qc2 d5 30. Bd3 dxe4 31. Bxe4 Nd5 
32. Bxh7+ Kh8 33. Bd2 b4 34. Ne5 Be8 35. Bd3 Nc3 36. Bxc3 bxc3 37. Nc4 Qa7 
38. Qxc3 Qxa2 39. Qe5 Kg8 40. Qb8 Kf8 41. Nd6 Bxd6 42. Qc7 Kg8 43. Qb8 Kf8 
44. Qxd6+ Kg8 45. Qd8 Kf8 46. Qb8 Qa1+ 47. Kg2 Qd4 48. Be2 e5 49. h4 Ke7 
50. Bf3 f5 51. Qb7+ Kf6 52. Qd5 Qb6 53. Qb7 Qd6 54. Bd5 e4 55. Qa8 Bd7 
56. Bb7 Be6 57. Qa5 Qd3 58. Qc5 Qf3+ 59. Kh2 Qxb3 60. Bc6 Qb8 61. Qd4+ Kf7 
62. Ba4 Qc7 63. Bd1 Qe7 64. Bh5+ g6 65. Be2 Qf6 66. Qa7+ Qe7 67. Qe3 Qd6 
68. Qh6 Qd4 69. Qf4 Kg7 70. h5 gxh5 71. Bxh5 Qf6 72. Kg2 Bd5 73. Qe3 Kh7 
74. Be2 Kg6 75. Kg1 Qc6 76. Kh2 Be6 77. Qf4 Bc8 78. Qh4 Qf6 79. Qh5+ Kg7 
80. Qe8 Be6 81. Qb5 Kg6 82. Qe8+ Bf7 83. Qb8 Qd4 84. Qf4 Qh8+ 85. Kg2 Qf6 
86. Qe3 Be8 87. Kg1 Qa1+ 88. Kg2 Qf6 89. g4 Bd7 90. Kg3 Qd6+ 91. Qf4 Qa3+ 
92. Kg2 Qe7 93. gxf5+ Bxf5 94. Qg3+ Qg5 95. Bc4 Qxg3+ 96. Kxg3 Kg5 97. Bd5 Bh7 
98. Be6 Bg6 99. Bb3 Bf5 100. Bd1 Bg6 101. Kg2 Kf4 102. Kf1 Ke5 
1/2-1/2

[Event "34th Chess Olympiad (women)"]
[Site "Istanbul"]
[Date "2000.10.30"]
[Round "3.29.3"]
[White "Powell, Annie"]
[Black "Janevska, Aleksandra"]
[WhiteElo "2000"]
[BlackElo "2020"]
[WhiteCountry "WLS"]
[BlackCountry "FRM"]
[Result "1/2-1/2"]

1. e4 e5 2. Nf3 Nc6 3. Bb5 Nf6 4. O-O Bc5 5. Nxe5 Nxe5 6. d4 a6 7. Be2 Nxe4 
8. dxc5 Nc6 9. Be3 d5 10. cxd6ep Qxd6 11. Qxd6 Nxd6 12. Nc3 Be6 13. Bf3 Ne7 
14. Bf4 O-O-O 15. Ne4 Nxe4 16. Bxe4 Bf5 17. Rfe1 
1/2-1/2

[Event "34th Chess Olympiad (women)"]
[Site "Istanbul"]
[Date "2000.10.30"]
[Round "3.30.1"]
[White "Burijovich, Liliana"]
[Black "Hind, Bahji"]
[WhiteElo "2182"]
[BlackElo "2000"]
[WhiteCountry "ARG"]
[BlackCountry "MAR"]
[Result "1-0"]

1. Nf3 d5 2. g3 Nf6 3. Bg2 e6 4. O-O Be7 5. d3 O-O 6. Nbd2 c5 7. e4 Nc6 
8. Re1 Qc7 9. e5 Nd7 10. Qe2 Re8 11. Nf1 Bf8 12. Bf4 g6 13. h4 Bg7 14. N1h2 Ne7 
15. c3 b5 16. Ng4 Nc6 17. h5 gh5 18. Nh6+ Bh6 19. Bh6 Ne7 20. Ng5 Nf5 
21. Qh5 Nh6 22. Qh6 Nf8 23. a4 Bd7 24. f4 c4 25. d4 Qb7 26. ab5 Bb5 27. Kf2 Bc6 
28. Re2 Rec8 29. Rh1 Be8 30. f5 ef5 31. Nh7 Nh7 32. Qh7+ Kf8 33. Qh8+ 
1-0

[Event "34th Chess Olympiad (women)"]
[Site "Istanbul"]
[Date "2000.10.30"]
[Round "3.30.2"]
[White "Amina, Oubaaqua"]
[Black "Hernandez, Penna Sabina"]
[WhiteElo "2000"]
[BlackElo "2141"]
[WhiteCountry "MAR"]
[BlackCountry "ARG"]
[Result "0-1"]

1. e4 c6 2. d4 d5 3. ed5 cd5 4. Bd3 Nc6 5. c3 Nf6 6. Bf4 Bg4 7. f3 Bh5 
8. Ne2 e6 9. Qb3 Qd7 10. O-O Bg6 11. Bg6 hg6 12. h3 Na5 13. Qc2 Bd6 14. Bd6 Qd6 
15. Qa4+ Nc6 16. Nd2 Kf8 17. Nb3 Nh5 18. f4 Nf6 19. Nd2 a6 20. Rf3 b5 
21. Qc2 Rc8 22. Qd3 Na5 23. Ng3 Nc4 24. Nc4 bc4 25. Qe2 a5 26. b3 Kg8 
27. Qc2 Qb6 28. Rb1 cb3 29. Qb3 Qc7 30. Qb6 Kh7 31. Qb5 Rb8 32. Qd3 Rb1+ 
33. Qb1 Rb8 34. Qc2 Qc4 35. Re3 Kg8 36. Kh2 Rb4 37. Re2 Ra4 38. Kg1 Ra3 
39. Re3 Ra2 40. Qb1 Qa4 41. Qb8+ Qe8 42. Qb3 Ra1+ 43. Kh2 Qa4 44. Qb8+ Kh7 
45. Qf8 Qd1 46. Ne2 Nh5 
0-1

[Event "34th Chess Olympiad (women)"]
[Site "Istanbul"]
[Date "2000.10.30"]
[Round "3.30.3"]
[White "Maggiolo, Elisa"]
[Black "Kamal, Fatima"]
[WhiteElo "2115"]
[BlackElo "2000"]
[WhiteCountry "ARG"]
[BlackCountry "MAR"]
[Result "1-0"]

1. e4 d5 2. ed5 Qd5 3. Nc3 Qa5 4. d4 Bf5 5. Nf3 e6 6. Bc4 Bb4 7. Bd2 c6 
8. a3 Bd6 9. Qe2 Qc7 10. h3 Nd7 11. Ng5 Ndf6 12. O-O-O h6 13. Nf3 Ne7 
14. g3 O-O 15. Nh4 Bh7 16. f4 Ned5 17. Nf3 Nc3 18. Bc3 Ne4 19. Be1 b5 
20. Bd3 Nf6 21. Ne5 a5 22. g4 b4 23. a4 c5 24. Bh7+ Kh7 25. g5 Nd5 26. Qe4+ Kg8 
27. gh6 f5 28. Qf3 Be5 29. de5 g6 30. h4 Qh7 31. Bd2 Qh6 32. h5 Kf7 33. Rdg1 g5 
34. fg5 Qh8 35. g6+ Ke7 36. g7 Qh7 37. gf8Q+ Rf8 38. h6 c4 39. Rg7+ Qg7 
40. hg7 Rg8 41. Bg5+ 
1-0

[Event "34th Chess Olympiad (women)"]
[Site "Istanbul"]
[Date "2000.10.30"]
[Round "3.31.1"]
[White "Villegas, Meylin"]
[Black "Hernandez, Yadira"]
[WhiteElo "2000"]
[BlackElo "2207"]
[WhiteCountry "CRC"]
[BlackCountry "MEX"]
[Result "1-0"]

1. d4 Nf6 2. c4 g6 3. Nc3 Bg7 4. e4 d6 5. f4 O-O 6. Nf3 c5 7. d5 a6 8. a4 e5 
9. Be2 ef4 10. Bf4 Re8 11. Nd2 Qb6 12. Ra3 Nbd7 13. O-O Ne5 14. Bg5 Nfd7 
15. a5 Qc7 16. Qe1 h6 17. Be3 Qd8 18. Qf2 Rb8 19. Na4 Rf8 20. Kh1 b5 
21. ab6 Nb6 22. Nc5 f5 23. Na6 fe4 24. Qg1 Rf1 25. Bf1 Rb7 26. b4 Bf5 
27. b5 Nbd7 28. Nb4 Kh7 29. Nc6 Qh4 30. Qf2 Qh5 31. h3 Ng4 32. Qe2 Nde5 
33. Bf4 Nd3 34. Bg3 e3 35. Nf3 Ndf2+ 36. Bf2 Nf2+ 37. Kg1 Rf7 38. Re3 Nh3+ 
39. gh3 Bh3 40. Bh3 Qh3 41. Ng5+ 
1-0